Dôveryhodnosť rebríčka TOP KRAS dostala ešte jednu šancu

KRAS - Klub reklamných agentúr Slovenska (23 agentúr). Snaha o vylepšenie každoročne zostavovaného rebríčka TOP KRAS. Nesúhlas väčšiny agentúr so spätnou kontrolou. Zmeny v TOP KRAS. Zmena základného údaju, podľa ktorého sa rebríčky zostavujú. Údaje majú byť doložené výkazom ziskov a strát spoločnos...

Descripción completa

Guardado en:
Detalles Bibliográficos
Autor principal: Pálková, Sylvia
Formato: Capítulo de libro
Lenguaje:eslovaco
Materias:
Etiquetas: Agregar Etiqueta
Sin Etiquetas, Sea el primero en etiquetar este registro!

MARC

LEADER 00000naa a2200000 4500
001 r047005
005 20230921113626.1
041 0 |a slo 
044 |a SK 
245 1 0 |a Dôveryhodnosť rebríčka TOP KRAS dostala ešte jednu šancu  |c Sylvia Pálková 
520 |a KRAS - Klub reklamných agentúr Slovenska (23 agentúr). Snaha o vylepšenie každoročne zostavovaného rebríčka TOP KRAS. Nesúhlas väčšiny agentúr so spätnou kontrolou. Zmeny v TOP KRAS. Zmena základného údaju, podľa ktorého sa rebríčky zostavujú. Údaje majú byť doložené výkazom ziskov a strát spoločnosti. 
610 2 0 |a reklama 
610 2 0 |a agentúry 
610 2 0 |a kontrola 
610 2 0 |a dáta 
610 2 0 |a zisk 
610 2 0 |a strata 
610 2 0 |a TOP KRAS 
100 1 |a Pálková, Sylvia